| 000 | 01267cam a22003371i 4500 | ||
|---|---|---|---|
| 001 | 283761 | ||
| 003 | EG-ScBUE | ||
| 005 | 20240321120212.0 | ||
| 008 | 731207t1968 ohu f b 000 0 eng d | ||
| 040 |
_aDLC _beng _erda _cDLC _dDLC _dEG-ScBUE |
||
| 043 |
_ae-gx--- _ae-ur--- |
||
| 082 | 0 | 4 |
_222 _a940.53112 _bMCS |
| 100 | 1 |
_aMcSherry, James E., _eauthor. _910729 |
|
| 245 | 1 | 0 |
_aStalin, Hitler, and Europe. _cby James E. McSherry. |
| 246 | 3 | 0 | _aOrigins of the World War 2 1933-1939 |
| 264 | 1 |
_aCleveland, Ohio ; _aNew York : _bThe World Publishing Company, _c[1968] |
|
| 264 | 4 | _cc1968 | |
| 300 |
_a2 volumes ; _c24 cm |
||
| 336 |
_2rdacontent _atext _btxt |
||
| 337 |
_aunmediated _2rdamedia _bn |
||
| 338 |
_avolume _bnc _2rdacarrier |
||
| 504 | _aIncludes bibliographical references. | ||
| 505 | 1 | _aVolume 1. The origins of World War II, 1933-1939. -- Volume 2. The imbalance of power, 1939-1941. | |
| 650 | 7 |
_aWorld War, 1939-1945 _xCauses. _2BUEsh _910730 |
|
| 650 | 7 |
_aWorld War, 1939-1945 _xDiplomatic history. _2BUEsh _910731 |
|
| 651 | 7 |
_aGermany _xForeign relations _y1933-1945. _2BUEsh _910732 |
|
| 651 | 7 |
_aSoviet Union _xForeign relations _y1917-1945. _2BUEsh _910733 |
|
| 655 | _vReading book | ||
| 942 |
_2ddc _cBB |
||
| 999 |
_c13224 _d13224 |
||